A Szepesség Lakosságanak Sociologiai Viszonyai A XVIII. És XIX. Században

Bibliographic Details
Main Author: Šváby, Fridrich, 1834-1904 (Author)
Other Authors: Hajnóczy, Jozef Rajmund, 1854-1931 (Author of introduction, etc.), Reiss, Jozef Teodor, činný 19.-20. storočie (Printer)
Format: Book
Language:Hungarian
PhysicalDescription:VII, 116 s. 24 cm
Published: Lőcse A" Szepesmegyei Történelmi Társulat" Kiadása 1901
Series:A "Szepesmegyei Történelmi Társulat" Millennium Kiadványai VI. Kötet
Subjects:

MARC

LEADER 00000cam a2200000 a 4500
001 vtls010428140
003 SK-MaSNL
005 20260301173844.0
008 240315 1901 xo 000 0 hun
015 |a SNBA1901 
040 |a SNK  |b slo  |c SNK  |e AACR2 
041 0 |a hun 
044 |a xo  |c SK 
072 7 |a 316  |x Sociológia  |2 konspekt 
080 |a 316  |2 2011 
100 1 |a Šváby, Fridrich,  |d 1834-1904  |4 aut  |9 545358 
245 1 0 |a A Szepesség Lakosságanak Sociologiai Viszonyai A XVIII. És XIX. Században  |c Írta Sváby Frigyes, Szepes-Vármegye Levéltárosa 
260 |a Lőcse  |b A" Szepesmegyei Történelmi Társulat" Kiadása  |c 1901  |e Lőcse  |f Nyomatott Reiss Józs. T. Könyvnyomdájában 
300 |a VII, 116 s.  |c 24 cm 
490 0 |a A "Szepesmegyei Történelmi Társulat" Millennium Kiadványai  |v VI. Kötet 
500 |a Rozložený titulný list. Ozdobné iniciály 
500 |a Kolácia:VII, [1], 116; 8˚; 23,5 x 15 cm 
500 |a Prepis titulného listu podľa exemplára 
504 |a Poznámky pod čiarou. Register 
508 |a Úvod Jozefa Rajmunda Hajnóczyho 
561 |a Proveniencia: Peč.: A Szmke Könyvtára Eperjesen + rkp.: "B 882" a "1578" - Štátna vedecká knižnica v Prešove  |5 SVKPO: B 14571 
563 |a Väzba: preväzba, kartón, na prednej a zadnej doske použitá pôvodná papierová obálka, chrbát a vonkajšie okraje - hnedé plátno  |5 SVKPO: B 14571 
648 7 |a 18.-19. storočie  |2 SNK  |9 276687 
650 0 7 |a sociálne vzťahy  |2 SNKPH  |9 505190 
651 7 |a Spiš (Slovensko : región)  |2 SNKPHgeo  |9 17692 
700 1 |a Hajnóczy, Jozef Rajmund,  |d 1854-1931  |4 aui  |9 545359 
700 1 |a Reiss, Jozef Teodor,  |d činný 19.-20. storočie  |4 prt  |9 209934 
710 2 |a Szepesmegyei Történelmi Társulat (Levoča, Slovensko)  |4 pbl  |9 545360 
752 |a Slovensko  |d Levoča 
852 |a SNK  |p SC 744/6 
852 |a SVKPO  |c Historické fondy  |p B 14571 
958 |a DG 
999 |c 837913  |d 839843 
952 |a SNK  |b SNK  |y VYP  |7 0  |p 17A0889474  |o snkSC 744/6 D1  |i snkK 3789/69  |8 3  |3 rekatalogizácia  |0 0  |1 0  |4 0  |d 2012-06-06  |l 0  |r 2026-02-24 04:00:08  |w 2026-02-24 
952 |a SNK  |b SNK  |y VYP  |7 0  |p 17A0889475  |o snkSC 744/6 D2  |i snkK 2461/74  |8 3  |3 rekatalogizácia  |0 0  |1 0  |4 0  |d 2012-06-06  |l 0  |r 2026-02-24 04:00:08  |w 2026-02-24 
952 |a SNK  |b SNK  |y PREZ  |7 0  |p 17A0715137  |o snkSC 744/6  |i snkKSK 1773/56  |8 3  |0 0  |1 0  |4 0  |d 2019-02-21  |l 0  |r 2025-06-04 00:00:00  |w 2026-02-24